[Event "Deutsche Ländermeisterschaft 2017"]
[Site "Hannover GER"]
[Date "2017.10.03"]
[Round "6"]
[White "Hess, Max"]
[Black "Richter, Leonard"]
[Result "1-0"]
[Termination "normal"]
[Board "3.1"]
[WhiteElo "2251"]
[BlackElo "2268"]
[WhiteClock "00:07:34"]
[BlackClock "00:03:52"]
[WhiteTeam "Bayern"]
[BlackTeam "Sachsen"]
[PlyCount "127"]
[WhiteFideId "24656666"]
[BlackFideId "12900290"]
[EventCountry "GER"]
[EventRounds "7"]
[EventType "team-swiss"]
[EventDate "2017.09.29"]

1. d4 {[%clk 1:30:57]} Nf6 {[%clk 1:30:55]} 2. Bf4 {[%clk 1:31:22]} g6 {[%clk
1:31:11]} 3. Nc3 {[%clk 1:31:28]} c5 {[%clk 1:20:29]} 4. d5 {[%clk 1:26:30]} d6
{[%clk 1:18:22]} 5. e4 {[%clk 1:25:52]} Bg7 {[%clk 1:18:20]} 6. Nf3 {[%clk
1:26:13]} O-O {[%clk 1:18:31]} 7. Nd2 {[%clk 1:26:03]} e5 {[%clk 1:12:53]} 8.
Bg5 {[%clk 1:24:10]} h6 {[%clk 1:08:47]} 9. Bh4 {[%clk 1:24:32]} a6 {[%clk
1:05:54]} 10. a4 {[%clk 1:24:38]} b6 {[%clk 1:00:49]} 11. f3 {[%clk 1:22:09]}
Qc7 {[%clk 0:58:16]} 12. Bf2 {[%clk 1:17:14]} Nh7 {[%clk 0:54:18]} 13. Rb1
{[%clk 1:11:48]} f5 {[%clk 0:50:58]} 14. Nc4 {[%clk 1:04:20]} Nf6 {[%clk
0:44:20]} 15. b4 {[%clk 0:56:44]} Nbd7 {[%clk 0:41:17]} 16. Bd3 {[%clk
0:44:17]} fxe4 {[%clk 0:37:11]} 17. fxe4 {[%clk 0:43:42]} Rb8 {[%clk 0:34:04]}
18. O-O {[%clk 0:40:51]} Nh5 {[%clk 0:21:25]} 19. Qd2 {[%clk 0:33:08]} Kh7
{[%clk 0:15:21]} 20. Be3 {[%clk 0:32:22]} Rxf1+ {[%clk 0:14:26]} 21. Bxf1
{[%clk 0:32:39]} Ndf6 {[%clk 0:13:50]} 22. Qe1 {[%clk 0:26:30]} Ng4 {[%clk
0:13:30]} 23. bxc5 {[%clk 0:24:32]} bxc5 {[%clk 0:13:43]} 24. Bd2 {[%clk
0:24:16]} Bf8 {[%clk 0:11:36]} 25. h3 {[%clk 0:21:41]} Ngf6 {[%clk 0:11:55]}
26. Bd3 {[%clk 0:17:52]} Be7 {[%clk 0:10:51]} 27. a5 {[%clk 0:14:54]} Nd7
{[%clk 0:09:21]} 28. Na4 {[%clk 0:14:34]} Bh4 {[%clk 0:09:01]} 29. Qf1 {[%clk
0:13:56]} Ndf6 {[%clk 0:08:02]} 30. Nab6 {[%clk 0:13:29]} Bb7 {[%clk 0:07:43]}
31. g4 {[%clk 0:11:51]} Ng7 {[%clk 0:07:48]} 32. Be3 {[%clk 0:06:59]} Rf8
{[%clk 0:07:45]} 33. Nd2 {[%clk 0:06:39]} Qe7 {[%clk 0:05:50]} 34. Qg2 {[%clk
0:06:10]} Ng8 {[%clk 0:04:30]} 35. Nf3 {[%clk 0:05:47]} Bf6 {[%clk 0:03:17]}
36. Nc4 {[%clk 0:06:06]} Bc8 {[%clk 0:03:06]} 37. Rb6 {[%clk 0:06:08]} Ne8
{[%clk 0:03:22]} 38. Qe2 {[%clk 0:03:49]} Qd7 {[%clk 0:02:33]} 39. Rb1 {[%clk
0:02:10]} Nc7 {[%clk 0:01:39]} 40. Nb6 {[%clk 0:02:00]} Qd8 {[%clk 0:01:22]}
41. Nxc8 {[%clk 0:28:39]} Qxc8 {[%clk 0:31:01]} 42. Rb6 {[%clk 0:28:03]} Be7
{[%clk 0:29:10]} 43. Nd2 {[%clk 0:27:42]} h5 {[%clk 0:26:29]} 44. Bxa6 {[%clk
0:25:22]} Qd7 {[%clk 0:22:03]} 45. Bb5 {[%clk 0:23:34]} Qc8 {[%clk 0:21:43]}
46. Bc6 {[%clk 0:23:36]} Nf6 {[%clk 0:17:48]} 47. a6 {[%clk 0:20:35]} hxg4
{[%clk 0:16:35]} 48. a7 {[%clk 0:20:22]} gxh3 {[%clk 0:16:57]} 49. Rb8 {[%clk
0:20:25]} Qg4+ {[%clk 0:16:03]} 50. Qxg4 {[%clk 0:20:50]} Nxg4 {[%clk 0:16:31]}
51. Rxf8 {[%clk 0:19:29]} h2+ {[%clk 0:16:10]} 52. Kh1 {[%clk 0:18:42]} Bxf8
{[%clk 0:16:31]} 53. Nf1 {[%clk 0:15:04]} Bh6 {[%clk 0:15:29]} 54. Bxh6 {[%clk
0:14:43]} Kxh6 {[%clk 0:15:53]} 55. Nxh2 {[%clk 0:14:23]} Kg5 {[%clk 0:12:45]}
56. Nf3+ {[%clk 0:06:43]} Kf4 {[%clk 0:12:59]} 57. Nd2 {[%clk 0:07:01]} Nf2+
{[%clk 0:09:57]} 58. Kg2 {[%clk 0:07:29]} Nxe4 {[%clk 0:10:19]} 59. Nc4 {[%clk
0:07:05]} g5 {[%clk 0:10:07]} 60. Na3 {[%clk 0:07:18]} Nc3 {[%clk 0:10:14]} 61.
Nc4 {[%clk 0:07:39]} Ne4 {[%clk 0:04:31]} 62. Nb6 {[%clk 0:07:23]} Nc3 {[%clk
0:04:20]} 63. Nd7 {[%clk 0:07:25]} Ne4 {[%clk 0:03:52]} 64. Nf8 {[%clk
0:07:34]} 1-0

[Event "Deutsche Ländermeisterschaft 2017"]
[Site "Hannover GER"]
[Date "2017.10.03"]
[Round "6"]
[White "Urban, Konstantin"]
[Black "Oberhofer, Cédric"]
[Result "1-0"]
[Termination "normal"]
[Board "3.2"]
[WhiteElo "2303"]
[BlackElo "2229"]
[WhiteClock "00:12:53"]
[BlackClock "00:01:43"]
[WhiteTeam "Sachsen"]
[BlackTeam "Bayern"]
[PlyCount "113"]
[WhiteFideId "12927511"]
[BlackFideId "12941220"]
[EventCountry "GER"]
[EventRounds "7"]
[EventType "team-swiss"]
[EventDate "2017.09.29"]

1. e4 {[%clk 1:30:58]} c5 {[%clk 1:30:56]} 2. Nf3 {[%clk 1:31:23]} d6 {[%clk
1:31:23]} 3. d4 {[%clk 1:31:37]} cxd4 {[%clk 1:31:49]} 4. Nxd4 {[%clk 1:31:56]}
Nf6 {[%clk 1:32:14]} 5. Nc3 {[%clk 1:32:08]} a6 {[%clk 1:32:40]} 6. h3 {[%clk
1:32:16]} e6 {[%clk 1:31:52]} 7. g4 {[%clk 1:32:38]} b5 {[%clk 1:29:14]} 8. Bg2
{[%clk 1:32:08]} Bb7 {[%clk 1:29:39]} 9. O-O {[%clk 1:32:09]} Nfd7 {[%clk
1:29:51]} 10. Re1 {[%clk 1:31:45]} Be7 {[%clk 1:23:39]} 11. e5 {[%clk 1:31:06]}
d5 {[%clk 1:22:56]} 12. a4 {[%clk 1:30:42]} b4 {[%clk 1:22:54]} 13. Nxd5 {[%clk
1:30:05]} Bxd5 {[%clk 1:22:54]} 14. Bxd5 exd5 {[%clk 1:18:04]} 15. Nf5 {[%clk
1:27:17]} O-O {[%clk 1:05:59]} 16. Qxd5 {[%clk 1:26:05]} Ra7 {[%clk 0:48:45]}
17. Be3 {[%clk 1:23:31]} Rc7 {[%clk 0:48:51]} 18. e6 {[%clk 1:19:30]} Nf6
{[%clk 0:44:54]} 19. Qxd8 {[%clk 0:29:48]} Bxd8 {[%clk 0:35:53]} 20. Bf4 {[%clk
0:29:23]} Nc6 {[%clk 0:31:15]} 21. Bxc7 {[%clk 0:26:54]} Bxc7 {[%clk 0:31:38]}
22. e7 {[%clk 0:18:35]} Re8 {[%clk 0:31:59]} 23. Rad1 {[%clk 0:18:54]} g6
{[%clk 0:28:28]} 24. g5 {[%clk 0:17:35]} Nh5 {[%clk 0:27:46]} 25. Nh6+ {[%clk
0:17:28]} Kg7 {[%clk 0:28:06]} 26. Ng4 {[%clk 0:17:05]} Bf4 {[%clk 0:23:21]}
27. h4 {[%clk 0:15:43]} Rxe7 {[%clk 0:16:49]} 28. Rxe7 {[%clk 0:16:08]} Nxe7
{[%clk 0:17:17]} 29. Rd4 {[%clk 0:16:31]} Nf5 {[%clk 0:15:18]} 30. Rxb4 {[%clk
0:16:29]} Nxh4 {[%clk 0:14:13]} 31. Rb6 {[%clk 0:16:19]} a5 {[%clk 0:13:58]}
32. Rb5 {[%clk 0:16:13]} Bc7 {[%clk 0:13:06]} 33. c3 {[%clk 0:12:50]} Nf4
{[%clk 0:09:15]} 34. Kf1 {[%clk 0:10:30]} Nf3 {[%clk 0:08:50]} 35. b4 {[%clk
0:05:48]} Nd2+ {[%clk 0:08:44]} 36. Ke1 {[%clk 0:04:39]} Nc4 {[%clk 0:07:37]}
37. Kd1 {[%clk 0:02:21]} Ne6 {[%clk 0:05:22]} 38. Nf6 {[%clk 0:01:28]} Bd8
{[%clk 0:04:43]} 39. Ne4 {[%clk 0:01:45]} axb4 {[%clk 0:03:17]} 40. Rxb4 {[%clk
0:01:24]} Na5 {[%clk 0:03:32]} 41. Rb5 {[%clk 0:00:39]} h6 {[%clk 0:25:22]} 42.
gxh6+ {[%clk 0:31:03]} Kxh6 {[%clk 0:25:21]} 43. Nd6 {[%clk 0:24:07]} Kg7
{[%clk 0:23:43]} 44. Nb7 {[%clk 0:20:37]} Nxb7 {[%clk 0:20:45]} 45. Rxb7 {[%clk
0:21:06]} Kf6 {[%clk 0:20:51]} 46. Ke2 {[%clk 0:19:21]} Bc7 {[%clk 0:16:35]}
47. Rb5 {[%clk 0:18:11]} Nf4+ {[%clk 0:11:46]} 48. Kf3 {[%clk 0:16:12]} Nd3
{[%clk 0:03:58]} 49. a5 {[%clk 0:15:07]} Ne5+ {[%clk 0:04:20]} 50. Ke2 {[%clk
0:14:03]} Ke6 {[%clk 0:03:21]} 51. a6 {[%clk 0:12:56]} Nc6 {[%clk 0:03:47]} 52.
Rb7 {[%clk 0:12:38]} Be5 {[%clk 0:02:46]} 53. Kd3 {[%clk 0:12:06]} f5 {[%clk
0:01:50]} 54. a7 {[%clk 0:12:15]} Nxa7 {[%clk 0:02:16]} 55. Rxa7 {[%clk
0:12:43]} g5 {[%clk 0:02:40]} 56. Ra6+ {[%clk 0:12:55]} Kd7 {[%clk 0:01:43]}
57. Rg6 {[%clk 0:12:53]} 1-0

[Event "Deutsche Ländermeisterschaft 2017"]
[Site "Hannover GER"]
[Date "2017.10.03"]
[Round "6"]
[White "Goldbeck, Lars"]
[Black "Zienert, Richard"]
[Result "1-0"]
[Termination "normal"]
[Board "3.3"]
[WhiteElo "2178"]
[BlackElo "2293"]
[WhiteClock "00:24:10"]
[BlackClock "00:26:28"]
[WhiteTeam "Bayern"]
[BlackTeam "Sachsen"]
[PlyCount "69"]
[WhiteFideId "16208188"]
[BlackFideId "12945986"]
[EventCountry "GER"]
[EventRounds "7"]
[EventType "team-swiss"]
[EventDate "2017.09.29"]

1. d4 {[%clk 1:30:58]} f5 {[%clk 1:30:42]} 2. g3 {[%clk 1:31:23]} Nf6 {[%clk
1:31:07]} 3. Bg2 {[%clk 1:31:51]} g6 {[%clk 1:31:25]} 4. Nf3 {[%clk 1:32:04]}
Bg7 {[%clk 1:31:49]} 5. O-O {[%clk 1:32:27]} O-O {[%clk 1:32:11]} 6. c4 {[%clk
1:32:45]} d6 {[%clk 1:32:21]} 7. Nc3 {[%clk 1:33:03]} c6 {[%clk 1:32:45]} 8. b3
{[%clk 1:31:08]} Qc7 {[%clk 1:31:51]} 9. Bb2 {[%clk 1:29:04]} e5 {[%clk
1:29:55]} 10. Rc1 {[%clk 1:17:19]} e4 {[%clk 1:26:47]} 11. Ne1 {[%clk 1:16:16]}
Qe7 {[%clk 1:20:55]} 12. Nc2 {[%clk 1:15:22]} g5 {[%clk 1:20:05]} 13. Qd2
{[%clk 1:11:05]} Bh6 {[%clk 1:17:51]} 14. f3 {[%clk 1:09:11]} Qe8 {[%clk
1:14:08]} 15. Ba3 {[%clk 1:02:41]} exf3 {[%clk 1:09:56]} 16. exf3 {[%clk
1:02:38]} Qd8 {[%clk 1:10:21]} 17. Rfe1 {[%clk 1:00:12]} Na6 {[%clk 1:10:00]}
18. b4 {[%clk 0:51:48]} Nc7 {[%clk 1:08:38]} 19. d5 {[%clk 0:48:05]} cxd5
{[%clk 1:07:46]} 20. Nxd5 {[%clk 0:43:44]} Ncxd5 {[%clk 1:07:01]} 21. cxd5
{[%clk 0:44:11]} Nh5 {[%clk 1:03:09]} 22. Nd4 {[%clk 0:42:02]} Re8 {[%clk
0:58:43]} 23. b5 {[%clk 0:38:35]} Re5 {[%clk 0:55:31]} 24. Ne6 {[%clk 0:38:15]}
Qb6+ {[%clk 0:55:25]} 25. Kh1 {[%clk 0:33:45]} Bxe6 {[%clk 0:48:51]} 26. dxe6
{[%clk 0:33:54]} Re8 {[%clk 0:48:55]} 27. f4 {[%clk 0:26:33]} gxf4 {[%clk
0:47:22]} 28. Rxe5 {[%clk 0:25:56]} dxe5 {[%clk 0:47:46]} 29. Qd7 {[%clk
0:26:18]} Qd8 {[%clk 0:30:41]} 30. Qf7+ {[%clk 0:24:48]} Kh8 {[%clk 0:31:06]}
31. Qxh5 {[%clk 0:25:10]} Rxe6 {[%clk 0:30:56]} 32. Qxf5 {[%clk 0:25:26]} Qd7
{[%clk 0:26:42]} 33. gxf4 {[%clk 0:23:52]} exf4 {[%clk 0:26:43]} 34. Bb2+
{[%clk 0:24:10]} Bg7 {[%clk 0:26:28]} 35. Qf8# 1-0

[Event "Deutsche Ländermeisterschaft 2017"]
[Site "Hannover GER"]
[Date "2017.10.03"]
[Round "6"]
[White "Nguyen, Alex Dac-Vuong"]
[Black "Huber, Benedikt"]
[Result "1-0"]
[Termination "normal"]
[Board "3.4"]
[WhiteElo "2131"]
[BlackElo "2044"]
[WhiteClock "00:53:13"]
[BlackClock "00:04:49"]
[WhiteTeam "Sachsen"]
[BlackTeam "Bayern"]
[PlyCount "105"]
[WhiteFideId "12984388"]
[BlackFideId "12923583"]
[EventCountry "GER"]
[EventRounds "7"]
[EventType "team-swiss"]
[EventDate "2017.09.29"]

1. e4 {[%clk 1:30:56]} c6 {[%clk 1:30:43]} 2. d4 {[%clk 1:30:46]} d5 {[%clk
1:31:06]} 3. Nc3 {[%clk 1:30:24]} dxe4 4. Nxe4 {[%clk 1:30:18]} Bf5 {[%clk
1:31:17]} 5. Ng3 {[%clk 1:30:43]} Bg6 {[%clk 1:31:20]} 6. h4 {[%clk 1:31:00]}
h6 {[%clk 1:31:27]} 7. Nh3 {[%clk 1:31:22]} e6 {[%clk 1:30:34]} 8. Nf4 {[%clk
1:31:35]} Bh7 {[%clk 1:30:49]} 9. Bc4 {[%clk 1:32:00]} Nf6 {[%clk 1:29:08]} 10.
O-O {[%clk 1:32:13]} Bd6 {[%clk 1:27:07]} 11. Re1 {[%clk 1:29:45]} O-O {[%clk
1:24:35]} 12. c3 {[%clk 1:29:42]} Qc7 {[%clk 1:22:11]} 13. Qf3 {[%clk 1:29:55]}
Nbd7 {[%clk 1:18:00]} 14. Ngh5 {[%clk 1:29:24]} Rfe8 {[%clk 1:07:04]} 15. Nxf6+
{[%clk 1:27:56]} Nxf6 {[%clk 1:07:02]} 16. Nd3 {[%clk 1:27:06]} Nd5 {[%clk
1:01:01]} 17. Ne5 {[%clk 1:24:46]} Rad8 {[%clk 0:56:25]} 18. Bb3 {[%clk
1:19:55]} b5 {[%clk 0:54:29]} 19. a4 {[%clk 1:17:51]} a6 {[%clk 0:50:49]} 20.
Bd2 {[%clk 1:10:56]} c5 {[%clk 0:46:29]} 21. Bxd5 {[%clk 1:10:36]} exd5 {[%clk
0:46:55]} 22. Bf4 {[%clk 1:10:27]} Be4 {[%clk 0:36:06]} 23. Qg3 {[%clk
1:10:39]} f6 {[%clk 0:34:26]} 24. Nd3 {[%clk 1:10:49]} Bxf4 {[%clk 0:32:07]}
25. Qxf4 {[%clk 1:06:30]} Qxf4 {[%clk 0:30:22]} 26. Nxf4 {[%clk 1:06:54]} cxd4
{[%clk 0:26:42]} 27. cxd4 {[%clk 1:07:17]} g5 {[%clk 0:25:25]} 28. Nh5 {[%clk
1:07:10]} Kf7 {[%clk 0:25:07]} 29. hxg5 {[%clk 1:07:27]} hxg5 {[%clk 0:25:17]}
30. axb5 {[%clk 1:07:38]} Bg6 {[%clk 0:16:53]} 31. Rxe8 {[%clk 1:00:45]} Rxe8
{[%clk 0:16:59]} 32. Ng3 {[%clk 1:00:40]} axb5 {[%clk 0:17:09]} 33. Ra7+ {[%clk
1:00:54]} Re7 {[%clk 0:14:43]} 34. Rxe7+ {[%clk 1:00:57]} Kxe7 {[%clk 0:15:11]}
35. Kf1 {[%clk 1:00:15]} b4 {[%clk 0:12:28]} 36. Ke2 {[%clk 0:59:50]} Kd6
{[%clk 0:11:20]} 37. Kd2 {[%clk 0:59:42]} Kc6 {[%clk 0:11:25]} 38. Nf1 {[%clk
0:58:58]} Bf7 {[%clk 0:10:48]} 39. Ne3 {[%clk 0:57:30]} Be6 {[%clk 0:11:08]}
40. Kc2 {[%clk 0:56:57]} Kb5 {[%clk 0:05:16]} 41. Kb3 {[%clk 0:57:04]} g4
{[%clk 0:05:35]} 42. g3 {[%clk 0:56:49]} Ka5 {[%clk 0:05:27]} 43. Nc2 {[%clk
0:57:10]} Bf5 {[%clk 0:05:52]} 44. Nxb4 {[%clk 0:57:28]} Be4 {[%clk 0:06:17]}
45. Na2 {[%clk 0:56:49]} f5 {[%clk 0:04:56]} 46. Nc3 {[%clk 0:55:35]} Bg2
{[%clk 0:04:55]} 47. Ka3 {[%clk 0:55:16]} Kb6 {[%clk 0:04:05]} 48. b4 {[%clk
0:55:10]} Be4 {[%clk 0:03:53]} 49. Kb3 {[%clk 0:53:35]} Ka6 {[%clk 0:03:35]}
50. Nxe4 {[%clk 0:52:19]} dxe4 {[%clk 0:04:04]} 51. Kc3 {[%clk 0:52:43]} f4
{[%clk 0:04:28]} 52. Kd2 {[%clk 0:53:09]} e3+ {[%clk 0:04:49]} 53. fxe3 {[%clk
0:53:13]} 1-0

[Event "Deutsche Ländermeisterschaft 2017"]
[Site "Hannover GER"]
[Date "2017.10.03"]
[Round "6"]
[White "Schilay, Eva"]
[Black "Lutz, Ruben"]
[Result "0-1"]
[Termination "normal"]
[Board "3.5"]
[WhiteElo "1678"]
[BlackElo "1914"]
[WhiteClock "00:20:53"]
[BlackClock "01:00:00"]
[WhiteTeam "Bayern"]
[BlackTeam "Sachsen"]
[PlyCount "108"]
[WhiteFideId "12930164"]
[BlackFideId "12975974"]
[EventCountry "GER"]
[EventRounds "7"]
[EventType "team-swiss"]
[EventDate "2017.09.29"]

1. e4 {[%clk 1:30:55]} e6 {[%clk 1:30:54]} 2. Nf3 {[%clk 1:30:57]} d5 {[%clk
1:31:17]} 3. Nc3 {[%clk 1:30:46]} Nf6 {[%clk 1:31:38]} 4. exd5 {[%clk 1:30:40]}
exd5 {[%clk 1:32:01]} 5. d4 {[%clk 1:30:57]} Bg4 {[%clk 1:31:41]} 6. Bg5 {[%clk
1:30:42]} Be7 {[%clk 1:31:43]} 7. Be2 {[%clk 1:30:15]} Nbd7 {[%clk 1:31:47]} 8.
O-O {[%clk 1:29:42]} O-O {[%clk 1:32:01]} 9. Re1 {[%clk 1:29:02]} c6 {[%clk
1:31:36]} 10. h3 {[%clk 1:28:31]} Bh5 {[%clk 1:31:21]} 11. Bf4 {[%clk 1:21:17]}
Bb4 {[%clk 1:30:30]} 12. Ne5 {[%clk 1:17:20]} Bxe2 {[%clk 1:29:55]} 13. Rxe2
{[%clk 1:17:48]} Bxc3 14. bxc3 {[%clk 1:18:09]} Ne4 {[%clk 1:28:57]} 15. Qd3
{[%clk 1:15:45]} Nb6 {[%clk 1:22:53]} 16. Rb1 {[%clk 1:07:53]} f6 {[%clk
1:21:14]} 17. Ng4 {[%clk 1:04:19]} Qd7 {[%clk 1:18:52]} 18. f3 {[%clk 0:59:31]}
Nd6 {[%clk 1:18:51]} 19. Rbe1 {[%clk 0:59:15]} Rae8 {[%clk 1:14:40]} 20. Bxd6
{[%clk 0:55:10]} Rxe2 {[%clk 1:15:04]} 21. Qxe2 {[%clk 0:55:34]} Qxd6 {[%clk
1:15:29]} 22. Qe7 {[%clk 0:52:20]} Qxe7 {[%clk 1:14:47]} 23. Rxe7 {[%clk
0:52:50]} Rb8 {[%clk 1:14:45]} 24. Ne3 {[%clk 0:48:59]} Kf8 {[%clk 1:02:50]}
25. Nf5 {[%clk 0:42:43]} Na4 {[%clk 0:55:03]} 26. Rxg7 {[%clk 0:41:34]} Nxc3
{[%clk 0:55:27]} 27. Rxh7 {[%clk 0:41:51]} Kg8 {[%clk 0:55:47]} 28. Rg7+ {[%clk
0:40:55]} Kh8 {[%clk 0:52:15]} 29. h4 {[%clk 0:30:38]} Ne2+ {[%clk 0:51:29]}
30. Kf2 {[%clk 0:29:34]} Nxd4 {[%clk 0:51:54]} 31. Nxd4 {[%clk 0:25:58]} Kxg7
{[%clk 0:52:18]} 32. g4 {[%clk 0:26:23]} Rh8 {[%clk 0:44:53]} 33. h5 {[%clk
0:26:44]} c5 {[%clk 0:42:53]} 34. Nf5+ {[%clk 0:23:09]} Kf8 {[%clk 0:43:06]}
35. Nd6 {[%clk 0:20:40]} b6 {[%clk 0:42:53]} 36. Nb5 {[%clk 0:20:20]} Kg7
{[%clk 0:42:33]} 37. Nd6 {[%clk 0:18:17]} d4 {[%clk 0:41:36]} 38. Nf5+ {[%clk
0:18:27]} Kf7 {[%clk 0:41:01]} 39. Ke2 {[%clk 0:16:04]} Rd8 {[%clk 0:36:04]}
40. Ng3 {[%clk 0:10:33]} c4 {[%clk 0:33:41]} 41. Ne4 {[%clk 0:08:57]} d3+
{[%clk 0:32:00]} 42. cxd3 {[%clk 0:07:37]} Rxd3 {[%clk 0:32:20]} 43. Nd2 {[%clk
0:06:44]} b5 {[%clk 0:31:57]} 44. Nb1 {[%clk 0:29:36]} a5 {[%clk 0:59:40]} 45.
f4 {[%clk 0:27:01]} a4 {[%clk 0:59:14]} 46. g5 {[%clk 0:27:02]} fxg5 {[%clk
0:58:09]} 47. fxg5 {[%clk 0:27:31]} Rd5 {[%clk 0:58:19]} 48. g6+ {[%clk
0:22:08]} Kg7 {[%clk 0:58:46]} 49. Nc3 {[%clk 0:20:07]} Rxh5 {[%clk 0:59:10]}
50. Kd2 {[%clk 0:20:32]} Kxg6 {[%clk 0:59:17]} 51. Kc2 {[%clk 0:20:40]} Re5
{[%clk 0:59:12]} 52. Kb2 {[%clk 0:20:26]} Kf5 {[%clk 0:59:10]} 53. Ka3 {[%clk
0:20:33]} Re3 {[%clk 0:59:35]} 54. Kb4 {[%clk 0:20:53]} Rxc3 {[%clk 1:00:00]}
0-1

[Event "Deutsche Ländermeisterschaft 2017"]
[Site "Hannover GER"]
[Date "2017.10.03"]
[Round "6"]
[White "Simon, Tessa"]
[Black "Alferova, Ekaterina"]
[Result "1/2-1/2"]
[Termination "normal"]
[Board "3.6"]
[WhiteElo "1917"]
[BlackElo "1515"]
[WhiteClock "00:00:44"]
[BlackClock "00:03:49"]
[WhiteTeam "Sachsen"]
[BlackTeam "Bayern"]
[PlyCount "116"]
[WhiteFideId "12929395"]
[BlackFideId "16217250"]
[EventCountry "GER"]
[EventRounds "7"]
[EventType "team-swiss"]
[EventDate "2017.09.29"]

1. e4 {[%clk 1:30:59]} g6 {[%clk 1:30:54]} 2. d4 {[%clk 1:31:16]} Bg7 {[%clk
1:31:19]} 3. Nf3 {[%clk 1:31:10]} d6 {[%clk 1:31:44]} 4. Bd3 {[%clk 1:31:00]}
Nf6 {[%clk 1:31:43]} 5. c3 {[%clk 1:30:11]} O-O {[%clk 1:31:58]} 6. O-O {[%clk
1:29:17]} Nbd7 {[%clk 1:31:39]} 7. Ng5 {[%clk 1:18:35]} e5 {[%clk 1:29:20]} 8.
f4 {[%clk 1:17:58]} h6 {[%clk 1:26:53]} 9. Nh3 {[%clk 1:12:12]} exf4 {[%clk
1:24:26]} 10. Bxf4 {[%clk 1:05:01]} Nh5 {[%clk 1:23:30]} 11. Be3 {[%clk
1:04:45]} c5 {[%clk 1:22:20]} 12. Nd2 {[%clk 1:00:08]} cxd4 {[%clk 1:21:38]}
13. cxd4 {[%clk 1:00:26]} Nb6 {[%clk 1:21:38]} 14. Nf2 {[%clk 0:55:48]} Nf6
{[%clk 1:19:33]} 15. Nf3 {[%clk 0:54:33]} Bg4 {[%clk 1:18:11]} 16. h3 {[%clk
0:49:14]} Be6 {[%clk 1:15:56]} 17. b3 {[%clk 0:41:49]} Rc8 {[%clk 1:06:53]} 18.
Qd2 {[%clk 0:37:19]} Kh7 {[%clk 1:07:00]} 19. Rad1 {[%clk 0:28:50]} d5 {[%clk
1:01:03]} 20. e5 {[%clk 0:26:32]} Ng8 {[%clk 0:59:58]} 21. Nh1 {[%clk 0:21:48]}
Ne7 {[%clk 0:57:50]} 22. Ng3 {[%clk 0:21:49]} Qd7 {[%clk 0:53:54]} 23. Nh5
{[%clk 0:20:36]} Ng8 {[%clk 0:51:37]} 24. Nxg7 {[%clk 0:18:52]} Kxg7 {[%clk
0:52:01]} 25. Nh4 {[%clk 0:12:33]} Qe7 {[%clk 0:35:08]} 26. Qf2 {[%clk
0:11:56]} Nd7 {[%clk 0:33:22]} 27. Qg3 {[%clk 0:10:26]} Kh7 {[%clk 0:20:45]}
28. Rf2 {[%clk 0:05:17]} Rc3 {[%clk 0:18:29]} 29. Rc2 {[%clk 0:01:38]} Rxc2
{[%clk 0:17:50]} 30. Bxc2 {[%clk 0:02:07]} Rc8 {[%clk 0:17:50]} 31. Bb1 {[%clk
0:00:59]} Nf8 {[%clk 0:18:04]} 32. Bd2 {[%clk 0:00:39]} Rc7 {[%clk 0:16:36]}
33. Rf1 {[%clk 0:00:48]} b6 {[%clk 0:15:11]} 34. Nf3 {[%clk 0:00:47]} a5 {[%clk
0:13:07]} 35. Nh2 {[%clk 0:00:36]} Qd7 {[%clk 0:12:10]} 36. Qf4 {[%clk
0:00:37]} Qb5 {[%clk 0:09:41]} 37. Ng4 {[%clk 0:00:35]} Bxg4 38. Qxg4 Qd7
{[%clk 0:07:25]} 39. Qf3 {[%clk 0:01:17]} Ne6 {[%clk 0:07:03]} 40. Qg4 {[%clk
0:00:33]} Nf8 {[%clk 0:01:21]} 41. Qh4 {[%clk 0:27:45]} Ne6 {[%clk 0:24:16]}
42. Bd3 {[%clk 0:23:23]} a4 {[%clk 0:21:39]} 43. b4 {[%clk 0:17:53]} b5 {[%clk
0:17:18]} 44. Qg4 {[%clk 0:16:34]} Rb7 {[%clk 0:15:12]} 45. h4 {[%clk 0:14:32]}
Kg7 {[%clk 0:11:54]} 46. h5 {[%clk 0:06:20]} g5 {[%clk 0:09:52]} 47. a3 {[%clk
0:04:39]} Nf8 {[%clk 0:07:57]} 48. Bf5 {[%clk 0:03:53]} Ne6 {[%clk 0:07:46]}
49. Qh3 {[%clk 0:01:15]} Qe7 {[%clk 0:07:44]} 50. Qd3 {[%clk 0:01:36]} Qe8
{[%clk 0:06:30]} 51. Bg4 {[%clk 0:01:30]} Rc7 {[%clk 0:06:05]} 52. Be2 {[%clk
0:01:04]} Rc4 {[%clk 0:04:22]} 53. Be3 {[%clk 0:01:15]} Ne7 {[%clk 0:03:53]}
54. Qd2 {[%clk 0:00:45]} Rc7 {[%clk 0:04:04]} 55. Bg4 {[%clk 0:00:48]} Ng8
{[%clk 0:03:39]} 56. Bf3 {[%clk 0:00:39]} Qd7 {[%clk 0:03:48]} 57. Be2 {[%clk
0:00:35]} Qe8 {[%clk 0:03:49]} 58. Bd3 {[%clk 0:00:44]} Qd7 {[%clk 0:03:49]} *

[Event "Deutsche Ländermeisterschaft 2017"]
[Site "Hannover GER"]
[Date "2017.10.03"]
[Round "6"]
[White "Butenandt, Svenja"]
[Black "Könze, Heike"]
[Result "1/2-1/2"]
[Termination "normal"]
[Board "3.7"]
[WhiteElo "1585"]
[BlackElo "1775"]
[WhiteClock "01:06:30"]
[BlackClock "00:38:07"]
[WhiteTeam "Bayern"]
[BlackTeam "Sachsen"]
[PlyCount "46"]
[WhiteFideId "12993859"]
[BlackFideId "12964476"]
[EventCountry "GER"]
[EventRounds "7"]
[EventType "team-swiss"]
[EventDate "2017.09.29"]

1. e4 {[%clk 1:30:59]} c5 {[%clk 1:30:53]} 2. Nf3 {[%clk 1:31:26]} d6 {[%clk
1:31:15]} 3. d4 {[%clk 1:31:52]} cxd4 {[%clk 1:31:40]} 4. Nxd4 {[%clk 1:32:19]}
Nf6 {[%clk 1:32:02]} 5. f3 {[%clk 1:32:45]} a6 {[%clk 1:29:26]} 6. c4 {[%clk
1:33:00]} e5 {[%clk 1:27:31]} 7. Nc2 {[%clk 1:32:37]} Be7 {[%clk 1:26:02]} 8.
Nc3 {[%clk 1:32:41]} Be6 {[%clk 1:24:39]} 9. Be3 {[%clk 1:32:07]} Nbd7 {[%clk
1:24:01]} 10. Be2 {[%clk 1:31:38]} Qc7 {[%clk 1:19:28]} 11. b3 {[%clk 1:30:46]}
O-O {[%clk 1:14:15]} 12. O-O {[%clk 1:30:56]} Rac8 {[%clk 1:13:53]} 13. Rc1
{[%clk 1:28:55]} b5 {[%clk 1:08:59]} 14. Nd5 {[%clk 1:27:33]} Bxd5 {[%clk
1:09:16]} 15. cxd5 {[%clk 1:27:50]} Qa5 {[%clk 1:03:50]} 16. Ra1 {[%clk
1:24:08]} Qc3 {[%clk 0:54:11]} 17. Rc1 {[%clk 1:20:30]} Bd8 {[%clk 0:52:01]}
18. Qd2 {[%clk 1:15:08]} Qxd2 {[%clk 0:42:10]} 19. Bxd2 {[%clk 1:15:31]} Bb6+
{[%clk 0:42:32]} 20. Kh1 {[%clk 1:14:53]} Nb8 {[%clk 0:42:04]} 21. Ne3 {[%clk
1:12:29]} g6 {[%clk 0:41:10]} 22. Rxc8 {[%clk 1:06:58]} Rxc8 {[%clk 0:41:31]}
23. Rc1 {[%clk 1:06:30]} Rxc1+ {[%clk 0:38:07]} 1/2-1/2